000 00597nam a2200229Ia 4500
003 OSt
005 20221005131328.0
006 a|||||r|||| 00| 0
007 ta
008 221004b |||||||| |||| 00| 0 221004b |||||||| |||| 00| 0 snd d d
024 _a60805
037 _cTextual
040 _aCRL
_cCRL
_bsik
041 _2sik
_asik
082 _aO1593v, 33M1
100 _aAjwani L.H.
245 0 _aSindhi sahitya charitre
260 _c1981
650 _aSINDHI LITERATURE
942 _hO1593v, 33M1
_cTEXL
_2cc
999 _c1059973
_d1059973